| 000 | 00000nam##2200000za#4500 |
| 001 | 9.587650 |
| 003 | CaOODSP |
| 005 | 20210624194733 |
| 007 | cr ||||||||||| |
| 008 | 150406|2008||||xxc|||||o f|0| 0 fre|d |
| 022 | |a1701-1280 |
| 040 | |aCaOODSP|bfre |
| 041 | |aeng |
| 041 | |afre |
| 043 | |an-cn--- |
| 086 | 1 |aFs70-4/2008-025-PDF |
| 110 | 1 |aCanada. |bMinistère des pêches et des océans. |
| 245 | 10|aAtelier pour le rapprochement entre l'industrie et le ministère sur le suivi scientifique du stock de morue de la zone sud du golfe du Saint-Laurent : |h[ressource électronique]|b15 et 16 octobre 2008, Moncton (Nouveau-Brunswick) / |cSylvain Paradis, président ; Julie Deault et Gérald Chaput, éditeurs. |
| 260 | |aOttawa - Ontario : |bPêches et Océans Canada |cAvril 2009. |
| 300 | |a187p.|bfigures (certaines en couleur), graphiques, cartes (certaines en couleur), références, tableaux |
| 490 | 1 |aSecrétariat canadien de consultation scientifique, série des comptes rendus|x1701-1280|v2008/025 |
| 590 | |a11-31-Supp|b2011-12-13 |
| 720 | 1 |aParadis, Sylvain |
| 720 | 1 |aChaput, Gérald |
| 720 | 1 |aDeault, Julie |
| 791 | |tWorkshop for industry–DFO reconciliation on scientific monitoring of the Southern Gulf of St. Lawrence cod stock : |eeng|w(CaOODSP)9.587649 |
| 830 | #0|aCompte rendu (Secrétariat canadien de consultation scientifique)|x1701-1280|v2008/025|w(CaOODSP)9.500508 |
| 856 | 40|ahttp://publications.gc.ca|qPDF|s4.34 Mo|uhttps://publications.gc.ca/collections/collection_2011/mpo-dfo/Fs70-4-2008-025.pdf|y2008/025 |